书目信息 |
| 题名: |
面向对象设计UML实践
|
|
| 作者: | 普里斯特, , Priestley, 著 ;龚晓庆 , 卞雷 译 | |
| 分册: | ||
| 出版信息: | 北京 清华大学出版社 2005.5 |
|
| 页数: | XI,290页 | |
| 开本: | 26cm | |
| 丛书名: | 世界著名计算机教材精选 | |
| 单 册: | ||
| 中图分类: | TP312UM-43 | |
| 科图分类: | ||
| 主题词: | 面向对象语言--mian xiang dui xiang yu yan--程序设计--高等学校--教材 , 程序设计--cheng xu she ji | |
| 电子资源: | ||
| ISBN: | 7-302-10587-1 | |
| 000 | 01442cam2 2200361 450 | |
| 001 | 012005028064 | |
| 005 | 20051124155049.57 | |
| 010 | @a7-302-10587-1@dCNY39.00 | |
| 100 | @a20050716d2005 em y0chiy0121 ea | |
| 101 | 1 | @achi@ceng |
| 102 | @aCN@b110000 | |
| 105 | @af z 000yy | |
| 200 | 1 | @a面向对象设计UML实践@Amian xiang dui xiang she ji UML shi jian@f[普里斯特]Mark Priestley著@g龚晓庆,卞雷等译 |
| 210 | @a北京@c清华大学出版社@d2005.5 | |
| 215 | @aXI,290页@c图@d26cm | |
| 225 | 2 | @a世界著名计算机教材精选@Ashi jie zhu ming ji suan ji jiao cai jing xuan |
| 304 | @a书名原文:Practical object-oriented design with UML | |
| 305 | @a据原书第2版译出 | |
| 306 | @a由美国麦格劳-希尔教育出版公司授权出版 | |
| 330 | @a本书主要强调设计的表示法与代码之间的联系,并对UML在开发应用的重要方面提供辅导,并通过示例说明设计和面向对象程序实现之间的紧密关系。 | |
| 461 | 0 | @12001 @a世界著名计算机教材精选 |
| 510 | 1 | @aPractical object-oriented design with UML@zeng |
| 606 | 0 | @a面向对象语言@Amian xiang dui xiang yu yan@x程序设计@x高等学校@j教材 |
| 606 | 0 | @a程序设计@Acheng xu she ji |
| 610 | 0 | @aUML |
| 690 | @aTP312UM-43@v4 | |
| 701 | 1 | @a普里斯特,@Apu li si te@bM.@g(Priestley, Mark)@4著 |
| 701 | 1 | @aPriestley,@bM.@g(Priestley, Mark)@4著 |
| 702 | 0 | @a龚晓庆@Agong xiao qing@4译 |
| 702 | 0 | @a卞雷@Abian lei@4译 |
| 801 | 0 | @aCN@bSRXX@c20051124 |
| 801 | 2 | @aCN@bSRXX@c20051110 |
| 905 | @a10447@dTP312UM-43@eP900 | |
| 面向对象设计UML实践/[普里斯特]Mark Priestley著/龚晓庆,卞雷等译.-北京:清华大学出版社,2005.5 |
| XI,290页:图;26cm.-(世界著名计算机教材精选) |
| ISBN 7-302-10587-1:CNY39.00 |
| 本书主要强调设计的表示法与代码之间的联系,并对UML在开发应用的重要方面提供辅导,并通过示例说明设计和面向对象程序实现之间的紧密关系。 |
| ● |
| 相关链接 |
|
|
|
正题名:面向对象设计UML实践
索取号:TP312UM-43/P900
 
预约/预借
| 序号 | 登录号 | 条形码 | 馆藏地/架位号 | 状态 | 备注 |
| 1 | 544573 | 205445730 | 自科库301/301自科库 50排2列3层/ [索取号:TP312UM-43/P900] | 在馆 | |
| 2 | 544574 | 205445749 | 期刊室512/301自科库 50排2列3层/ [索取号:TP312UM-43/P900] | 在馆 | |
| 3 | 544575 | 205445758 | 自科库301/301自科库 56排1列1层/ [索取号:TP312UM-43/P900] | 在馆 |